000 00271nam a2200109Ia 4500
005 20251222114347.0
008 251222s1900||||xx |||||||||||||| ||spa||
082 _aDVD0111/J71/1959
245 0 _aDonald en el país de las matemáticas
264 _bWalt Disney
942 _cDVD
999 _c1076
_d1076